[Event "4NCL Division 4 South"]
[Site "Telford, ENG"]
[Date "2017.02.12"]
[Round "6.52"]
[White "Valentine, Brian J"]
[Black "Lewis, Christopher D"]
[Result "1/2-1/2"]
[WhiteElo "1965"]
[BlackElo "1937"]
[PlyCount "57"]
[EventDate "2017.02.12"]
[WhiteTeam "MK Phoenix 2"]
[BlackTeam "Shropshire 2"]

1. e4 c6 2. d4 d5 3. Nd2 dxe4 4. Nxe4 Bf5 5. Ng3 Bg6 6. Nf3 Nd7 7. h4 h6 8. h5
Bh7 9. Bd3 Bxd3 10. Qxd3 e6 11. Bd2 Ngf6 12. O-O-O Qb6 13. Ne4 Qb5 14. c4 Qa6
15. Nxf6+ Nxf6 16. Kb1 Bd6 17. Bc3 O-O-O 18. b3 Rd7 19. Qc2 Rhd8 20. Ne5 Bxe5
21. dxe5 Rxd1+ 22. Rxd1 Rxd1+ 23. Qxd1 Ne4 24. Be1 Qb6 25. f3 Nc5 26. Bf2 Qb4
27. Qd6 Na6 28. c5 Qf4 29. Qf8+ 1/2-1/2

[Event "4NCL Division 4 South"]
[Site "Telford, ENG"]
[Date "2017.02.12"]
[Round "6.53"]
[White "Tarr, Steve F"]
[Black "Adebajo, Olufemi"]
[Result "0-1"]
[WhiteElo "1825"]
[BlackElo "1928"]
[PlyCount "76"]
[EventDate "2017.02.12"]
[WhiteTeam "Shropshire 2"]
[BlackTeam "MK Phoenix 2"]

1. d4 c5 2. c3 b6 3. Bf4 Bb7 4. e3 Nf6 5. Nd2 e6 6. h3 Be7 7. Ngf3 O-O 8. Bd3
d5 9. O-O Nbd7 10. Qb1 h6 11. Bh2 Re8 12. Re1 Nf8 13. Ne5 c4 14. Bc2 b5 15. b4
N6d7 16. e4 Nxe5 17. Bxe5 Bd6 18. Bxd6 Qxd6 19. exd5 Qf4 20. Ne4 Bxd5 21. Qc1
Qc7 22. Nc5 a5 23. a3 axb4 24. axb4 Rxa1 25. Qxa1 Qf4 26. Be4 Ra8 27. Qb2 Bxe4
28. Rxe4 Qf5 29. Re5 Qf4 30. Re4 Qf6 31. Re1 Ng6 32. Ra1 Rd8 33. Ra7 Nf4 34.
Kh1 Qg6 35. f3 Qg3 36. Qa2 Qe1+ 37. Kh2 Ne2 38. Ra8 Qg1# 0-1

[Event "4NCL Division 4 South"]
[Site "Telford, ENG"]
[Date "2017.02.12"]
[Round "6.54"]
[White "Obi, Marc On"]
[Black "Maydew, Simon"]
[Result "1/2-1/2"]
[WhiteElo "1798"]
[BlackElo "1810"]
[PlyCount "42"]
[EventDate "2017.02.12"]
[WhiteTeam "MK Phoenix 2"]
[BlackTeam "Shropshire 2"]

1. e4 d5 2. exd5 Qxd5 3. d4 e5 4. Nf3 Nc6 5. c4 Qa5+ 6. Bd2 Bb4 7. d5 Bxd2+ 8.
Nbxd2 Nd4 9. Nxe5 c6 10. Nef3 Bg4 11. Be2 Bxf3 12. Bxf3 Nxf3+ 13. Qxf3 O-O-O
14. Qe2 Nf6 15. O-O Rhe8 16. Qd3 cxd5 17. Nb3 Qa6 18. Rfc1 dxc4 19. Rxc4+ Kb8
20. Qg3+ Qd6 21. Qxd6+ Rxd6 1/2-1/2

[Event "4NCL Division 4 South"]
[Site "Telford, ENG"]
[Date "2017.02.12"]
[Round "6.55"]
[White "Ross, Stuart"]
[Black "Shaw, John S"]
[Result "0-1"]
[WhiteElo "1720"]
[BlackElo "1721"]
[PlyCount "87"]
[EventDate "2017.02.12"]
[WhiteTeam "Shropshire 2"]
[BlackTeam "MK Phoenix 2"]

1. e4 c5 2. Nf3 Nc6 3. d4 cxd4 4. Nxd4 Nf6 5. Nc3 e5 6. Ndb5 d6 7. Bg5 a6 8.
Na3 b5 9. Nd5 Be7 10. Bxf6 Bxf6 11. c3 O-O 12. Nc2 Bg5 13. a4 Rb8 14. axb5 axb5
15. Bd3 Be6 16. Nce3 Bxe3 17. Nxe3 Ne7 18. O-O d5 19. exd5 Nxd5 20. Qh5 Nf6 21.
Qe2 Qb6 22. Nf5 Bxf5 23. Bxf5 Rfe8 24. Rfd1 e4 25. Qe3 Qxe3 26. fxe3 Kf8 27.
Rd4 g6 28. Ra6 Kg7 29. Bd7 Nxd7 30. Rxd7 Red8 31. Rd4 Rxd4 32. cxd4 Rc8 33. Ra1
Rc2 34. Rd1 Rxb2 35. d5 Kf8 36. d6 Ke8 37. d7+ Kd8 38. Kf1 b4 39. h4 Rb3 40.
Ke2 Rb2+ 41. Kf1 f5 42. g3 b3 43. Ra1 Rc2 44. Rb1 0-1

[Event "4NCL Division 4 South"]
[Site "Telford, ENG"]
[Date "2017.02.12"]
[Round "6.56"]
[White "Miller, Max C"]
[Black "Peck, Windsor W A"]
[Result "0-1"]
[WhiteElo "1462"]
[BlackElo "1547"]
[PlyCount "66"]
[EventDate "2017.02.12"]
[WhiteTeam "MK Phoenix 2"]
[BlackTeam "Shropshire 2"]

1. d4 d5 2. Nf3 Nf6 3. e3 e6 4. Bd3 c5 5. b3 Nc6 6. Bb2 Be7 7. a3 O-O 8. Nbd2
b6 9. O-O Bb7 10. Ne5 cxd4 11. exd4 Rc8 12. f4 Qc7 13. g4 Nxe5 14. fxe5 Ne4 15.
Rf3 Bg5 16. Bxe4 dxe4 17. Rc3 Qd7 18. Rxc8 Rxc8 19. Nf1 Qc6 20. c4 Rd8 21. Qe2
e3 22. Ng3 Bf4 23. d5 exd5 24. Nf5 Rd7 25. Nxe3 Bxe3+ 26. Qxe3 d4 27. Qg3 d3
28. Kf2 h6 29. Rd1 d2 30. Bc3 Qe4 31. h3 Rd3 32. Rxd2 Rxg3 33. Kxg3 Qf3+ 0-1

[Event "4NCL Division 4 South"]
[Site "Telford, ENG"]
[Date "2017.02.12"]
[Round "6.61"]
[White "Samworth-Calvier, Juju"]
[Black "Ireland, David J"]
[Result "1/2-1/2"]
[WhiteElo "1627"]
[BlackElo "2027"]
[PlyCount "87"]
[EventDate "2017.02.12"]
[WhiteTeam "Sussex Martlets 3"]
[BlackTeam "Throw in the Tal 1"]

1. e4 c6 2. Nc3 d5 3. Nf3 Bg4 4. h3 Bxf3 5. Qxf3 e6 6. d3 Qb6 7. Be2 Nd7 8. O-O
Be7 9. Qg3 Bf6 10. a3 Ne7 11. Bd2 Be5 12. Qf3 Qxb2 13. Rfb1 Bxc3 14. Rxb2 Bxb2
15. Rb1 Bxa3 16. Qg3 Bc5 17. exd5 cxd5 18. Rxb7 Rc8 19. d4 Nf5 20. Qf4 Bd6 21.
Qf3 Rxc2 22. Bb5 O-O 23. Bd3 Nxd4 24. Qd1 Rc7 25. Rxc7 Bxc7 26. Bc3 e5 27. Bxd4
exd4 28. Bxh7+ Kxh7 29. Qc2+ d3 30. Qxc7 Nb6 31. Qc3 Rd8 32. Qxd3+ g6 33. Qd4
Rc8 34. Qh4+ Kg7 35. Qe7 a5 36. Qe5+ Kg8 37. Qd6 Rc1+ 38. Kh2 Rb1 39. Qb8+ Kg7
40. Qe5+ Kg8 41. Qe8+ Kg7 42. Qe5+ Kg8 43. Qe8+ Kg7 44. Qe5+ 1/2-1/2

[Event "4NCL Division 4 South"]
[Site "Telford, ENG"]
[Date "2017.02.12"]
[Round "6.62"]
[White "Ho, Marco"]
[Black "Woods, Timothy J"]
[Result "1-0"]
[WhiteElo "1997"]
[BlackElo "1659"]
[PlyCount "95"]
[EventDate "2017.02.12"]
[WhiteTeam "Throw in the Tal 1"]
[BlackTeam "Sussex Martlets 3"]

1. d4 d6 2. Nf3 g6 3. c4 Nf6 4. Nc3 Bg7 5. e4 O-O 6. Be2 e5 7. dxe5 dxe5 8.
Qxd8 Rxd8 9. Bg5 Re8 10. Nd5 Nxd5 11. cxd5 c6 12. d6 Be6 13. O-O-O Nd7 14. Be7
h6 15. b3 b5 16. h4 Bf8 17. Bxf8 Rxf8 18. h5 g5 19. Nh2 Rfd8 20. Bg4 Bxg4 21.
Nxg4 Kg7 22. g3 Re8 23. Ne3 a5 24. Nf5+ Kh7 25. Kb2 Re6 26. Rc1 Ra6 27. Rhd1 c5
28. a3 Rb6 29. b4 axb4 30. axb4 c4 31. Ra1 Rb7 32. Ra5 Nf6 33. f3 g4 34. fxg4
Rd7 35. Rxb5 Nxe4 36. Rb8 Nxd6 37. Kc2 e4 38. Rxd6 Rexd6 39. Nxd6 Rxd6 40. Re8
Rd3 41. Rxe4 Rxg3 42. Rxc4 Re3 43. b5 Re8 44. b6 Rb8 45. Rb4 Rb7 46. Kc3 Kg7
47. Kc4 Kf6 48. Kc5 1-0

[Event "4NCL Division 4 South"]
[Site "Telford, ENG"]
[Date "2017.02.12"]
[Round "6.63"]
[White "Bennet-Stevens, Lucy"]
[Black "Pink, Joshua"]
[Result "0-1"]
[WhiteElo "1609"]
[BlackElo "2005"]
[PlyCount "88"]
[EventDate "2017.02.12"]
[WhiteTeam "Sussex Martlets 3"]
[BlackTeam "Throw in the Tal 1"]

1. e4 e5 2. Nf3 Nc6 3. Bb5 a6 4. Ba4 Nf6 5. O-O Be7 6. d3 b5 7. Bb3 O-O 8. c3
Bb7 9. Re1 d5 10. exd5 Nxd5 11. Nxe5 Nxe5 12. Rxe5 Nf6 13. f3 Bd6 14. Re1 Nh5
15. Nd2 Qh4 16. Nf1 Rad8 17. Qe2 Bf4 18. d4 Bc6 19. Qf2 Qf6 20. Be3 Rfe8 21.
Rad1 Bxe3 22. Nxe3 Nf4 23. Qg3 h5 24. Bc2 h4 25. Qf2 Qg5 26. Kf1 b4 27. c4 Rd6
28. Nf5 Rde6 29. Rxe6 Rxe6 30. Re1 Rxe1+ 31. Kxe1 Nxg2+ 32. Kd1 g6 33. Ne7+
Qxe7 34. Qxg2 Qf6 35. d5 Bd7 36. b3 Qa1+ 37. Kd2 Qxa2 38. Kd1 Bf5 39. Qe2 Qxc2+
40. Qxc2 Bxc2+ 41. Kxc2 g5 42. Kd3 f5 43. h3 g4 44. fxg4 fxg4 0-1

[Event "4NCL Division 4 South"]
[Site "Telford, ENG"]
[Date "2017.02.12"]
[Round "6.64"]
[White "Price, Andrew"]
[Black "Finn, Daniel"]
[Result "1-0"]
[WhiteElo "1870"]
[BlackElo "1502"]
[PlyCount "123"]
[EventDate "2017.02.12"]
[WhiteTeam "Throw in the Tal 1"]
[BlackTeam "Sussex Martlets 3"]

1. e4 e5 2. Nc3 Bc5 3. Bc4 d6 4. d3 Nf6 5. Nf3 O-O 6. Be3 Bb6 7. Qd2 Be6 8. Nd5
Nxd5 9. exd5 Bg4 10. Ng5 Nd7 11. h3 Bh5 12. g4 Bg6 13. O-O-O Bxe3 14. Qxe3 Re8
15. h4 f6 16. Ne4 Nb6 17. Bb3 Bf7 18. c4 c6 19. dxc6 bxc6 20. Ng3 d5 21. Bc2
dxc4 22. dxc4 Qc7 23. b3 Qe7 24. Qc3 Qa3+ 25. Qb2 Qc5 26. Ne4 Qe7 27. Nd6 Red8
28. Nxf7 Qxf7 29. Be4 Qc7 30. Qc2 h6 31. Qc3 Rab8 32. Qf3 Qe7 33. Bxc6 Rxd1+
34. Rxd1 Rd8 35. Rxd8+ Qxd8 36. c5 Nc8 37. Qd5+ Qxd5 38. Bxd5+ Kf8 39. b4 Ne7
40. Bb7 Ke8 41. b5 Kd8 42. a4 Kc7 43. Be4 g6 44. Kd2 f5 45. gxf5 gxf5 46. Bf3
Ng6 47. h5 Nf8 48. Kc3 Ne6 49. Kc4 Nf4 50. a5 e4 51. Bd1 Nd3 52. b6+ axb6 53.
axb6+ Kb7 54. Kb5 Nxf2 55. c6+ Kb8 56. Ka6 Nd3 57. c7+ Kc8 58. Ka7 Nc5 59. Bb3
e3 60. Be6+ Nxe6 61. b7+ Kxc7 62. b8=Q+ 1-0

[Event "4NCL Division 4 South"]
[Site "Telford, ENG"]
[Date "2017.02.12"]
[Round "6.65"]
[White "Coleman, Frederick"]
[Black "Graff, Ben"]
[Result "1/2-1/2"]
[WhiteElo "1487"]
[BlackElo "1907"]
[PlyCount "63"]
[EventDate "2017.02.12"]
[WhiteTeam "Sussex Martlets 3"]
[BlackTeam "Throw in the Tal 1"]

1. c4 Nf6 2. g3 g6 3. Bg2 Bg7 4. Nc3 c5 5. e4 d6 6. Nge2 Nc6 7. O-O h5 8. h4
Bd7 9. d3 Qc8 10. Rb1 Bh3 11. a3 Bxg2 12. Kxg2 Ng4 13. f3 Nge5 14. Be3 f5 15.
b3 O-O 16. Qd2 Kh7 17. Nd5 Qd7 18. Rbc1 Rf7 19. b4 Raf8 20. Ndf4 b6 21. Ng1 Nd4
22. Bxd4 cxd4 23. Nge2 Nc6 24. Nh3 fxe4 25. Ng5+ Kg8 26. Nxf7 e3 27. Qc2 Rxf7
28. c5 dxc5 29. bxc5 b5 30. Qb3 Ne5 31. Nf4 Qc6 32. Qa2 1/2-1/2

[Event "4NCL Division 4 South"]
[Site "Telford, ENG"]
[Date "2017.02.12"]
[Round "6.66"]
[White "Goodwin, Ed H"]
[Black "Hedger, Alec"]
[Result "1/2-1/2"]
[WhiteElo "1907"]
[BlackElo "1475"]
[PlyCount "111"]
[EventDate "2017.02.12"]
[WhiteTeam "Throw in the Tal 1"]
[BlackTeam "Sussex Martlets 3"]

1. d4 d5 2. Bf4 c6 3. e3 e6 4. Nf3 Bd6 5. Bg3 f5 6. c4 Nf6 7. Nc3 O-O 8. c5 Bc7
9. Be2 Ne4 10. Bxc7 Qxc7 11. Nxe4 fxe4 12. Ne5 Nd7 13. Nxd7 Bxd7 14. O-O e5 15.
b4 Rf6 16. f3 exf3 17. Rxf3 Rh6 18. g3 Re8 19. Qd2 Bg4 20. Rf2 Bxe2 21. Rxe2
Rhe6 22. Rf2 exd4 23. exd4 Qe7 24. Raf1 Re2 25. Rxe2 Qxe2 26. Qxe2 Rxe2 27. b5
Rxa2 28. bxc6 bxc6 29. Rb1 h6 30. Rb8+ Kf7 31. Rc8 Ra6 32. Kf2 Kf6 33. Kf3 g5
34. Rd8 Ra3+ 35. Kg2 Re3 36. Ra8 Re7 37. Rc8 Re6 38. Ra8 Kf5 39. Rxa7 Ke4 40.
Ra4 Rf6 41. h3 Ke3 42. Kg1 h5 43. Rb4 Rf3 44. Kg2 Rf2+ 45. Kg1 Rc2 46. Rb6 Kxd4
47. Rxc6 Rxc5 48. Rg6 Kc4 49. Rxg5 d4 50. Rxc5+ Kxc5 51. g4 hxg4 52. hxg4 Kd5
53. Kf2 Ke5 54. Ke2 Kf4 55. Kd3 Kxg4 56. Kxd4 1/2-1/2

[Event "4NCL Division 4 South"]
[Site "Telford, ENG"]
[Date "2017.02.12"]
[Round "6.71"]
[White "Allison, Conrad"]
[Black "Davis, Holden"]
[Result "0-1"]
[WhiteElo "1938"]
[BlackElo "1741"]
[PlyCount "56"]
[EventDate "2017.02.12"]
[WhiteTeam "Kent Kestrels"]
[BlackTeam "Cambridge University 3"]

1. e4 e6 2. d4 d5 3. Bd3 Nf6 4. e5 Nfd7 5. Ne2 c5 6. c3 Nc6 7. Nd2 cxd4 8. cxd4
f6 9. Nf4 Nxd4 10. Qh5+ Ke7 11. exf6+ Nxf6 12. Ng6+ hxg6 13. Qxh8 Kf7 14. Qh4
e5 15. Nb3 Bb4+ 16. Bd2 Bxd2+ 17. Nxd2 e4 18. Bb1 Qa5 19. Qf4 Qb5 20. Qc7+ Bd7
21. Nc4 Qb4+ 22. Kd1 dxc4 23. Bc2 Rc8 24. Qf4 Qxb2 25. Rc1 Bg4+ 26. Kd2 Qb4+
27. Ke3 Qc3+ 28. Bd3 Qxd3# 0-1

[Event "4NCL Division 4 South"]
[Site "Telford, ENG"]
[Date "2017.02.12"]
[Round "6.72"]
[White "Dhemrait, Jagdeep"]
[Black "Watson, Jacob"]
[Result "1-0"]
[WhiteElo "1792"]
[BlackElo "1790"]
[PlyCount "95"]
[EventDate "2017.02.12"]
[WhiteTeam "Cambridge University 3"]
[BlackTeam "Kent Kestrels"]

1. e4 e5 2. Nf3 Nc6 3. Bc4 Bc5 4. Nc3 Nf6 5. d3 h6 6. O-O d6 7. Be3 Bg4 8. Bxc5
dxc5 9. Bb5 Qd6 10. Qe2 a6 11. Bxc6+ bxc6 12. h3 Be6 13. b3 Nh5 14. Qe3 Nf4 15.
Kh2 Bd7 16. Na4 Ne6 17. c3 g5 18. Nd2 f6 19. g3 h5 20. Rg1 Rf8 21. f3 Qe7 22.
Raf1 f5 23. exf5 Rxf5 24. g4 hxg4 25. fxg4 Rxf1 26. Rxf1 Nf4 27. Qxc5 Nxd3 28.
Qc4 Nf4 29. Qg8+ Qf8 30. Qxg5 Qe7 31. Qg8+ Qf8 32. Qxf8+ Kxf8 33. Nc4 Re8 34.
Nc5 Bc8 35. Nd3 Kg8 36. Ndxe5 Nd5 37. Rf3 Rf8 38. Rxf8+ Kxf8 39. Nxc6 Nxc3 40.
a3 Bb7 41. N6e5 Be4 42. Kg3 Nd5 43. Nd7+ Kg7 44. Nc5 Bc2 45. b4 Bd1 46. Ne5 Be2
47. Ned3 Nb6 48. Nf4 1-0

[Event "4NCL Division 4 South"]
[Site "Telford, ENG"]
[Date "2017.02.12"]
[Round "6.73"]
[White "Watson, Mikey J"]
[Black "Ivanov, George"]
[Result "0-1"]
[WhiteElo "1773"]
[BlackElo "1780"]
[PlyCount "50"]
[EventDate "2017.02.12"]
[WhiteTeam "Kent Kestrels"]
[BlackTeam "Cambridge University 3"]

1. d4 Nf6 2. e3 e6 3. Nf3 b6 4. Bd3 Bb7 5. b3 g6 6. Nbd2 Bg7 7. Bb2 d6 8. a3
Nbd7 9. Qe2 a5 10. O-O-O a4 11. b4 c5 12. bxc5 bxc5 13. Bb5 O-O 14. Nc4 Ne4 15.
Nfd2 Nxd2 16. Rxd2 Nb6 17. dxc5 Nxc4 18. Qxc4 Bd5 19. Qe2 Bxb2+ 20. Kxb2 Qf6+
21. c3 Rfb8 22. Rb1 Ra5 23. Kc1 Qxc3+ 24. Rc2 Qxa3+ 25. Kd2 Be4 0-1

[Event "4NCL Division 4 South"]
[Site "Telford, ENG"]
[Date "2017.02.12"]
[Round "6.74"]
[White "Breed, Greg J"]
[Black "Lettington, David"]
[Result "1-0"]
[WhiteElo "1761"]
[BlackElo "1634"]
[PlyCount "101"]
[EventDate "2017.02.12"]
[WhiteTeam "Cambridge University 3"]
[BlackTeam "Kent Kestrels"]

1. d4 d5 2. Nf3 Nf6 3. Bf4 c6 4. h3 Qb6 5. Qc1 Bf5 6. e3 e6 7. Be2 Nbd7 8. O-O
Be7 9. c4 O-O 10. c5 Qd8 11. b4 Ne4 12. Nc3 g5 13. Bh2 g4 14. hxg4 Bxg4 15. Qb2
Nxc3 16. Qxc3 Nf6 17. a4 Ne4 18. Qb2 Bf6 19. Be5 Bxf3 20. Bxf3 Bxe5 21. Bxe4
Bh2+ 22. Kxh2 Qh4+ 23. Kg1 Qxe4 24. Qb1 f5 25. Qxe4 fxe4 26. b5 Rab8 27. Rab1
a6 28. bxc6 bxc6 29. Rb6 Rxb6 30. cxb6 a5 31. Rc1 Rc8 32. Rc5 Rb8 33. Rxc6 Kf7
34. Rc7+ Kg6 35. b7 h6 36. f4 exf3 37. gxf3 Kf5 38. Kh2 e5 39. dxe5 Kxe5 40.
f4+ Kf5 41. Kg3 h5 42. Kh4 d4 43. exd4 Kxf4 44. Re7 Kf5 45. d5 Kg6 46. d6 Kf5
47. Rc7 Re8 48. d7 Re4+ 49. Kxh5 Re2 50. d8=Q Rh2+ 51. Qh4 1-0

[Event "4NCL Division 4 South"]
[Site "Telford, ENG"]
[Date "2017.02.12"]
[Round "6.75"]
[White "Nayak, Aurideep"]
[Black "Dhemrait, Surjit S"]
[Result "1-0"]
[WhiteElo "1572"]
[BlackElo "1496"]
[PlyCount "61"]
[EventDate "2017.02.12"]
[WhiteTeam "Kent Kestrels"]
[BlackTeam "Cambridge University 3"]

1. e4 c5 2. Nf3 g6 3. Nc3 Bg7 4. d4 cxd4 5. Nxd4 Qb6 6. Nd5 Qxd4 7. Qxd4 Bxd4
8. Nc7+ Kd8 9. Nxa8 b6 10. c3 Be5 11. Be3 Bb7 12. Nxb6 axb6 13. Bxb6+ Ke8 14.
f3 Ba6 15. O-O-O Bxf1 16. Rdxf1 e6 17. Bd4 Bxd4 18. cxd4 Ne7 19. Kd2 Nbc6 20.
Ke3 f5 21. e5 Nd5+ 22. Kf2 Ke7 23. a3 Ra8 24. g3 Ra4 25. Rd1 Rxd4 26. Ke2 Rxd1
27. Rxd1 Nxe5 28. a4 Nc6 29. Rd3 Kd6 30. Ra3 Na5 31. Kd3 {Scoresheets
illegible, unable to continue} 1-0

[Event "4NCL Division 4 South"]
[Site "Telford, ENG"]
[Date "2017.02.12"]
[Round "6.76"]
[White "Dhemrait, Manav"]
[Black "Jones, Andrew"]
[Result "0-1"]
[WhiteElo "1285"]
[BlackElo "1510"]
[PlyCount "68"]
[EventDate "2017.02.12"]
[WhiteTeam "Cambridge University 3"]
[BlackTeam "Kent Kestrels"]

1. e4 c5 2. Nf3 Nc6 3. d4 cxd4 4. Nxd4 d6 5. Nc3 a6 6. Bc4 e6 7. O-O Nf6 8. Bg5
Be7 9. Nf3 b5 10. Be2 Bb7 11. a3 O-O 12. Qd2 Qc7 13. Rad1 Rfd8 14. Qf4 e5 15.
Qh4 Re8 16. Nd5 Nxd5 17. exd5 Nd4 18. Nxd4 exd4 19. Bd3 g6 20. Bxe7 Rxe7 21.
Qxd4 Rae8 22. c4 bxc4 23. Bxc4 Re4 24. Qd3 Rxc4 25. h3 Rce4 26. Rc1 Qb6 27. b4
Rd4 28. Qf3 Bxd5 29. Qg3 Bc4 30. Rfe1 Rxe1+ 31. Rxe1 Be6 32. Qe3 Kg7 33. Kh2 d5
34. Rd1 Qd6+ 0-1

[Event "4NCL Division 4 South"]
[Site "Telford, ENG"]
[Date "2017.02.12"]
[Round "6.81"]
[White "Donaghay, Richard H"]
[Black "Goodger, Martyn"]
[Result "0-1"]
[WhiteElo "1874"]
[BlackElo "2006"]
[PlyCount "104"]
[EventDate "2017.02.12"]
[WhiteTeam "Iceni 2"]
[BlackTeam "Poisoned Pawns 2"]

1. g3 f5 2. Bg2 Nf6 3. Nf3 g6 4. c4 Bg7 5. Nc3 O-O 6. d3 d6 7. Bg5 Nc6 8. Qd2
e5 9. h4 Qe8 10. e4 Nh5 11. Bh6 Be6 12. Bxg7 Kxg7 13. Ng5 Nd4 14. Ne2 Nxe2 15.
Nxe6+ Qxe6 16. Qxe2 f4 17. Bh3 Qf7 18. g4 f3 19. Qd2 Nf4 20. O-O-O Ne2+ 21. Kb1
Qf4 22. Qa5 b6 23. Qd5 Nd4 24. Qb7 Qf7 25. g5 a5 26. Qd5 Qe7 27. c5 bxc5 28. h5
Qf7 29. Qxf7+ Rxf7 30. h6+ Kf8 31. Kc1 c6 32. Kd2 Rb8 33. Kc3 a4 34. Rb1 Rfb7
35. Bg4 Nb5+ 36. Kc2 Nd4+ 37. Kc3 Ke7 38. Bh3 Nb5+ 39. Kc2 Nd4+ 40. Kc3 Rb4 41.
Bg4 Rf8 42. Bh3 Kd8 43. Kd2 Ke7 44. Bg4 d5 45. Rhc1 Kd6 46. Rd1 Rf4 47. Bh3 Rh4
48. Rh1 Rh5 49. Bc8 Rxg5 50. Rhg1 Rxg1 51. Rxg1 Rxb2+ 52. Kc1 Rb8 0-1

[Event "4NCL Division 4 South"]
[Site "Telford, ENG"]
[Date "2017.02.12"]
[Round "6.82"]
[White "Rosen, Daniel B"]
[Black "Collins, Jonathan"]
[Result "1-0"]
[WhiteElo "2052"]
[BlackElo "1798"]
[PlyCount "55"]
[EventDate "2017.02.12"]
[WhiteTeam "Poisoned Pawns 2"]
[BlackTeam "Iceni 2"]

1. e4 Nc6 2. Nf3 e5 3. Bb5 a6 4. Ba4 Nf6 5. O-O b5 6. Bb3 Be7 7. Qe2 d6 8. c3
Na5 9. Bc2 c5 10. d3 Qc7 11. Rd1 Nc6 12. Nbd2 b4 13. Nc4 bxc3 14. bxc3 O-O 15.
Ba4 Bd7 16. Bg5 h6 17. Bh4 Nd4 18. cxd4 Bxa4 19. Rdb1 Bb5 20. dxe5 Bxc4 21.
exf6 Bxd3 22. Qxd3 gxf6 23. Qc3 Kg7 24. Nd4 Rg8 25. Nf5+ Kh7 26. Qd2 Rg6 27.
Qd5 Rag8 28. g3 1-0

[Event "4NCL Division 4 South"]
[Site "Telford, ENG"]
[Date "2017.02.12"]
[Round "6.83"]
[White "Pott, Laurie"]
[Black "McCorry, Robert T"]
[Result "1-0"]
[WhiteElo "1798"]
[BlackElo "1994"]
[PlyCount "123"]
[EventDate "2017.02.12"]
[WhiteTeam "Iceni 2"]
[BlackTeam "Poisoned Pawns 2"]

1. d4 Nf6 2. Bf4 g6 3. e3 Bg7 4. Be2 O-O 5. h4 h6 6. g4 c5 7. c3 cxd4 8. exd4
Nd5 9. Be5 f6 10. Bg3 d6 11. Qb3 e6 12. Bc4 Qe7 13. Nd2 Nb6 14. Bd3 Qf7 15.
O-O-O e5 16. Bxg6 Qxb3 17. Nxb3 Bxg4 18. f3 Be6 19. dxe5 Bxb3 20. axb3 dxe5 21.
f4 Nc6 22. Nf3 exf4 23. Bxf4 Rad8 24. Bd6 Rfe8 25. Bxe8 Rxe8 26. Rhe1 Ne5 27.
Nxe5 fxe5 28. Re4 h5 29. Bc7 Re6 30. Rd6 Kf7 31. Rxe6 Kxe6 32. Bxb6 axb6 33.
Kc2 Bf6 34. Kd3 Kf5 35. Ke3 Be7 36. Kf3 Bf6 37. Rc4 Be7 38. b4 Bf6 39. b5 Be7
40. Rc7 e4+ 41. Ke2 Bxh4 42. Rxb7 Bg5 43. Rxb6 h4 44. Ra6 h3 45. b6 h2 46. Ra1
Kg4 47. b7 Bf4 48. Rf1 Bb8 49. Rh1 Kg3 50. Ke3 Kg2 51. Rxh2+ Kxh2 52. Kxe4 Kg3
53. b4 Kg4 54. b5 Kg5 55. b6 Kf6 56. Kd5 Ke7 57. c4 Kd7 58. c5 Bh2 59. c6+ Kd8
60. Kc5 Bg3 61. Kb5 Bh2 62. Ka6 1-0

[Event "4NCL Division 4 South"]
[Site "Telford, ENG"]
[Date "2017.02.12"]
[Round "6.84"]
[White "McMahon, Paul"]
[Black "Goldsmith, Rory"]
[Result "1-0"]
[WhiteElo "1987"]
[BlackElo "1712"]
[PlyCount "37"]
[EventDate "2017.02.12"]
[WhiteTeam "Poisoned Pawns 2"]
[BlackTeam "Iceni 2"]

1. e4 c5 2. Nf3 Nc6 3. c3 a6 4. d4 cxd4 5. cxd4 d5 6. exd5 Qxd5 7. Nc3 Qd8 8.
Bc4 Bg4 9. Bxf7+ Kxf7 10. Ng5+ Ke8 11. Qxg4 Nf6 12. Qe6 Nxd4 13. Qf7+ Kd7 14.
O-O h6 15. Rd1 Qb6 16. Be3 Qxb2 17. Bxd4 hxg5 18. Bxf6+ Kc6 19. Qc4+ 1-0

[Event "4NCL Division 4 South"]
[Site "Telford, ENG"]
[Date "2017.02.12"]
[Round "6.85"]
[White "Balakrishnan, Kathirvel"]
[Black "Judkins, Brian D"]
[Result "1/2-1/2"]
[WhiteElo "1571"]
[BlackElo "1801"]
[PlyCount "62"]
[EventDate "2017.02.12"]
[WhiteTeam "Iceni 2"]
[BlackTeam "Poisoned Pawns 2"]

1. d4 Nf6 2. Nf3 g6 3. e3 Bg7 4. Bd3 O-O 5. Nbd2 d6 6. h3 Nbd7 7. O-O e5 8. c3
Qe7 9. Qc2 Ne8 10. e4 c6 11. dxe5 Nxe5 12. Nxe5 dxe5 13. Kh2 Nc7 14. Re1 Ne6
15. g3 Qf6 16. Nc4 Ng5 17. Bxg5 Qxg5 18. Qc1 Qf6 19. Qe3 Rd8 20. Rad1 Be6 21.
b3 b6 22. Nb2 Bf8 23. Kg2 Bc5 24. Qe2 h5 25. Nc4 b5 26. Ne3 Kg7 27. Bc2 Rxd1
28. Rxd1 Rd8 29. Rxd8 Qxd8 30. Qd1 Qxd1 31. Nxd1 Kf6 1/2-1/2

[Event "4NCL Division 4 South"]
[Site "Telford, ENG"]
[Date "2017.02.12"]
[Round "6.86"]
[White "Mountford, Corinne"]
[Black "Rowles, Sarah"]
[Result "1/2-1/2"]
[WhiteElo "1712"]
[BlackElo "1540"]
[PlyCount "102"]
[EventDate "2017.02.12"]
[WhiteTeam "Poisoned Pawns 2"]
[BlackTeam "Iceni 2"]

1. d4 d5 2. Bf4 c5 3. e3 cxd4 4. exd4 Nf6 5. c3 Bf5 6. Nd2 Nc6 7. h3 e6 8. Ngf3
Bd6 9. Ne5 Qb6 10. Qb3 Qxb3 11. axb3 a6 12. Bh2 Bxe5 13. dxe5 Nd7 14. f4 Nc5
15. Ra2 Nd3+ 16. Bxd3 Bxd3 17. Kf2 O-O 18. Ke3 Bg6 19. g4 d4+ 20. Ke2 Rad8 21.
Rf1 Bc2 22. Rf2 Rd5 23. b4 Rfd8 24. Ke1 dxc3 25. bxc3 Bd3 26. Bg1 a5 27. bxa5
Rxa5 28. Rxa5 Nxa5 29. Rh2 Nc4 30. Nxc4 Bxc4 31. Bd4 Ra8 32. Kf2 Ra2+ 33. Kg3
Rxh2 34. Kxh2 g6 35. Kg3 Bd5 36. h4 Bc4 37. Kf2 Bd5 38. Ke3 h6 39. Kd3 b5 40.
Ke3 Kg7 41. Bc5 f6 42. exf6+ Kxf6 43. Bd4+ Kf7 44. Be5 Bc4 45. Kd4 Bd5 46. Kc5
Bc4 47. g5 hxg5 48. fxg5 Bd3 49. Bg3 Bc4 50. Kd4 Bd5 51. Ke5 Bc4 1/2-1/2

[Event "4NCL Division 4 South"]
[Site "Telford, ENG"]
[Date "2017.02.12"]
[Round "6.91"]
[White "Bin-Suhayl, Ieysaa"]
[Black "Vallis, Luke"]
[Result "1-0"]
[WhiteElo "2020"]
[BlackElo "1960"]
[PlyCount "97"]
[EventDate "2017.02.12"]
[WhiteTeam "Anglian Avengers 3"]
[BlackTeam "Sandhurst Cadets"]

1. d4 Nf6 2. c4 g6 3. Nc3 Bg7 4. g3 d6 5. Nf3 O-O 6. Bg2 Nc6 7. O-O e5 8. dxe5
dxe5 9. Ng5 Nd4 10. e3 Ne6 11. Nxe6 Bxe6 12. Bxb7 Bxc4 13. Bxa8 Bxf1 14. Qxd8
Rxd8 15. Kxf1 Rxa8 16. b3 a6 17. Bb2 Bf8 18. Ke2 Rd8 19. Rc1 Bd6 20. f3 Re8 21.
e4 Kf8 22. g4 h6 23. h4 g5 24. h5 Rb8 25. Nd1 Ng8 26. Ne3 Ne7 27. Nc4 f6 28.
Nxd6 cxd6 29. Rc7 Rc8 30. Rxc8+ Nxc8 31. Kd3 Ke8 32. Kc4 Ne7 33. a4 Kd7 34. Bc1
Nc6 35. Be3 Na5+ 36. Kc3 Kc6 37. b4 Nb7 38. Kc4 Kd7 39. b5 a5 40. Kd5 Nd8 41.
b6 Nc6 42. Bd2 Ne7+ 43. Kc4 Nc6 44. Kb5 Nd4+ 45. Ka6 Kc8 46. Ka7 Nc6+ 47. Ka8
Nd8 48. Bxa5 Nb7 49. Bb4 1-0

[Event "4NCL Division 4 South"]
[Site "Telford, ENG"]
[Date "2017.02.12"]
[Round "6.92"]
[White "Stoyanov, Viktor"]
[Black "Cocks, Elliot"]
[Result "1/2-1/2"]
[WhiteElo "1930"]
[BlackElo "1990"]
[PlyCount "128"]
[EventDate "2017.02.12"]
[WhiteTeam "Sandhurst Cadets"]
[BlackTeam "Anglian Avengers 3"]

1. d4 Nf6 2. Bf4 g6 3. e3 Bg7 4. Nf3 O-O 5. h3 d6 6. Be2 Nfd7 7. Bh2 e5 8. c3
Nc6 9. O-O f5 10. Qb3+ Kh8 11. dxe5 dxe5 12. Rd1 Qe7 13. Na3 Nc5 14. Qc2 e4 15.
Nd4 Ne5 16. Nc4 Ncd3 17. Nxe5 Nxe5 18. c4 c5 19. Nb5 Be6 20. Rac1 b6 21. b3
Rad8 22. Nc3 Qb7 23. Kh1 h6 24. Rd2 Nc6 25. Rxd8 Rxd8 26. Rd1 Rxd1+ 27. Nxd1
Qd7 28. a3 Kh7 29. Kg1 g5 30. Kf1 Kg6 31. Ke1 a6 32. Qd2 Na5 33. Qxd7 Bxd7 34.
b4 Nb3 35. Bc7 cxb4 36. axb4 a5 37. c5 axb4 38. cxb6 Bc6 39. Bd6 Bf6 40. Bxb4
Bd8 41. Bc4 Nc1 42. Bc5 Nd3+ 43. Bxd3 exd3 44. f3 h5 45. Nf2 Kf6 46. Nxd3 Ke6
47. Nb4 Bb7 48. Ke2 Bf6 49. Kd3 g4 50. hxg4 hxg4 51. fxg4 fxg4 52. e4 Bh4 53.
Ke3 Bg5+ 54. Kd3 Bf4 55. Bd4 Bd6 56. Nd5 Bb8 57. Ne3 Ba6+ 58. Kc3 Bb7 59. Nxg4
Bxe4 60. Ne3 Bf4 61. g4 Kd7 62. Kb4 Bf3 63. Ka5 Kc8 64. Kb5 Bxe3 1/2-1/2